[Event "Copenhagen Obro CXU New Year op"]
[Site "Copenhagen"]
[Date "2023.12.28"]
[Round "3"]
[White "Kakulidis, Ellen"]
[Black "Moller, Silas Ingemann"]
[Result "0-1"]
[WhiteElo "2064"]
[BlackElo "1752"]
[PlyCount "153"]
[EventDate "2023.12.27"]
[EventType "swiss"]
[EventRounds "7"]
[EventCountry "DEN"]
[SourceTitle "CB01_2024"]
[SourceDate "2024.01.03"]
[SourceVersion "1"]
[SourceVersionDate "2024.01.03"]
[SourceQuality "1"]

1. d4 Nf6 2. g3 d5 3. Nf3 c6 4. c4 Bf5 5. Nc3 e6 6. Nh4 Bg4 7. h3 Bh5 8. Qb3 Qb6 9. c5 Qxb3 10. axb3 Nbd7 11. g4 Bg6 12. Nxg6 hxg6 13. Bg2 e5 14. e3 Nh7 15. b4 f5 16. b5 Nhf6 17. bxc6 bxc6 18. g5 Ne4 19. Nxe4 fxe4 20. Bd2 Rh4 21. b4 Be7 22. Bf1 Bxg5 23. b5 exd4 24. exd4 Bxd2+ 25. Kxd2 Nf6 26. b6 a5 27. Rg1 Kf7 28. Ke3 a4 29. Ra3 Ng8 30. Kd2 Rf4 31. Ke1 Ne7 32. b7 Rb8 33. Ba6 Nf5 34. Rxa4 Rf3 35. Ke2 Rxh3 36. Rb1 e3 37. Bd3 exf2 38. Bxf5 gxf5 39. Ra8 f1Q+ 40. Rxf1 Rxb7 41. Rxf5+ Kg6 42. Rf2 Rb2+ 43. Kf1 Rxf2+ 44. Kxf2 Kf5 45. Kg2 Re3 46. Rf8+ Ke4 47. Rc8 Kxd4 48. Rxc6 Rc3 49. Rg6 Kxc5 50. Rxg7 Re3 51. Kf2 Re8 52. Rg1 d4 53. Re1 Rh8 54. Rc1+ Kd5 55. Ke2 Ke4 56. Rc7 Rh2+ 57. Kd1 Kd3 58. Ke1 Rh1+ 59. Kf2 Kd2 60. Ra7 d3 61. Ra2+ Kc3 62. Ra3+ Kc2 63. Ra2+ Kb3 64. Ra8 Kc2 65. Rc8+ Kd1 66. Ra8 Rh2+ 67. Ke3 Rh3+ 68. Kd4 d2 69. Re8 Rh5 70. Kc3 Rc5+ 71. Kd3 Kc1 72. Ke2 Rd5 73. Kf3 d1Q+ 74. Kf4 Qd2+ 75. Kg3 Rd4 76. Kf3 Rd3+ 77. Ke4 0-1